[Event "Online Olym Div3 E 2020"]
[Site "chess.com INT"]
[Date "2020.07.08"]
[Round "5.4"]
[Board "2"]
[White "Hernandez, Mauricio Daniel"]
[Black "Tapia, Alexei"]
[Result "0-1"]
[WhiteTitle "CM"]
[BlackTitle "FM"]
[WhiteElo "2066"]
[BlackElo "2243"]
[WhiteTeam "El Salvador"]
[BlackTeam "Panama"]
[WhiteFideId "6701183"]
[BlackFideId "6600581"]
[EventDate "2020.07.07"]
[EventType "team"]

1. e4 c5 2. Nf3 e6 3. d4 cxd4 4. Nxd4 Nc6 5. Nc3 a6 6. Be3 Nf6 7. Be2 Qc7 8. O-O
Be7 9. f4 d6 10. f5 O-O 11. g4 h6 12. Qd2 Nh7 13. Rf2 Ne5 14. Raf1 Bh4 15. Rg2
Bd7 16. Nf3 Nxf3+ 17. Rxf3 Ng5 18. Rf1 Bc6 19. Bf3 Rad8 20. Kh1 b5 21. Bxg5 Bxg5
22. Qf2 b4 23. Ne2 exf5 24. gxf5 Bb5 25. Qd4 Qc5 26. Rd1 Rfe8 27. h4 Bxe2 28.
Bxe2 Qxd4 29. Rxd4 Bxh4 30. Bxa6 Bf6 31. Rxb4 d5 32. Bd3 dxe4 33. Bxe4 Bxb2 34.
Rxb2 Rxe4 35. Rb6 Ra8 36. Rxh6 Re1+ 37. Kh2 Rxa2 38. f6 Rxc2 39. Rxc2 gxh6 40.
Rg2+ Kf8 41. Rf2 Re6 42. Kg3 Kg8 43. Kf4 Rxf6+ 44. Kg3 Rxf2 45. Kxf2 Kg7 46. Kg3
Kg6 47. Kh4 Kf5 48. Kh5 Ke4 49. Kxh6 f5 50. Kh5 f4 51. Kh4 Ke3 52. Kh3 Ke2 53.
Kg2 f3+ 54. Kg3 f2 55. Kh2 f1=Q 56. Kg3 Qf3+ 57. Kh2 Qg4 0-1

[Event "Online Olym Div3 E 2020"]
[Site "chess.com INT"]
[Date "2020.07.08"]
[Round "5.4"]
[Board "3"]
[White "Carrillo Marval, Maria Angelica"]
[Black "Ortez, Andrea"]
[Result "0-1"]
[WhiteTitle "WCM"]
[BlackTitle "WIM"]
[WhiteElo "1730"]
[BlackElo "1969"]
[WhiteTeam "Panama"]
[BlackTeam "El Salvador"]
[WhiteFideId "3911853"]
[BlackFideId "6702392"]
[EventDate "2020.07.07"]
[EventType "team"]

1. e4 c5 2. Nf3 Nc6 3. d4 cxd4 4. Nxd4 g6 5. c4 Nf6 6. Nc3 Nxd4 7. Qxd4 d6 8.
Be2 Bg7 9. O-O O-O 10. Qd3 a5 11. Be3 a4 12. Rab1 Qa5 13. f3 Be6 14. b4 axb3 15.
axb3 Nd7 16. Bd2 Qc5+ 17. Be3 Qb4 18. Bd2 Ne5 19. Qc2 Qb6+ 20. Kh1 Nc6 21. Na4
Qc7 22. Be3 Nd4 23. Qd1 Nxe2 24. Qxe2 Bxc4 25. bxc4 Rxa4 26. Rfc1 Rfa8 27. Qb2
Bxb2 0-1

[Event "Online Olym Div3 E 2020"]
[Site "chess.com INT"]
[Date "2020.07.08"]
[Round "5.4"]
[Board "4"]
[White "Herrera, Marjorie"]
[Black "Barria Baker, Raisa Melissa"]
[Result "0-1"]
[WhiteTitle "WCM"]
[BlackTitle "WFM"]
[WhiteElo "1848"]
[BlackElo "1955"]
[WhiteTeam "El Salvador"]
[BlackTeam "Panama"]
[WhiteFideId "6704743"]
[BlackFideId "6600336"]
[EventDate "2020.07.07"]
[EventType "team"]

1. e4 c5 2. Nf3 d6 3. d4 cxd4 4. Nxd4 Nf6 5. Nc3 g6 6. Bc4 Bg7 7. Be3 O-O 8. f3
Nc6 9. Qd2 Bd7 10. O-O-O Rc8 11. Bb3 Ne5 12. g4 b5 13. Ndxb5 Bxb5 14. Nxb5 Nxf3
15. Qe2 Ne5 16. Nxa7 Ra8 17. Bd4 Qa5 18. Bxe5 Rxa7 19. Bc3 Qg5+ 20. Kb1 Qxg4 21.
Qf2 Rc7 22. e5 Ne4 23. Qe3 Nxc3+ 24. bxc3 Bxe5 25. Rd3 Rfc8 26. c4 Rb8 0-1

[Event "Online Olym Div3 E 2020"]
[Site "chess.com INT"]
[Date "2020.07.08"]
[Round "5.4"]
[Board "5"]
[White "Mendez, Andre"]
[Black "Villalta Camilo"]
[Result "1-0"]
[WhiteElo "1651"]
[BlackElo "1631"]
[WhiteTeam "Panama"]
[BlackTeam "El Salvador"]
[WhiteFideId "6603793"]
[BlackFideId "6706592"]
[EventDate "2020.07.07"]
[EventType "team"]

1. e4 c5 2. Nc3 Nc6 3. f4 g6 4. Nf3 Bg7 5. Bc4 d6 6. d3 Nf6 7. O-O O-O 8. Qe1 e6
9. Qh4 Nd4 10. Bb3 d5 11. f5 exf5 12. Bg5 Nxb3 13. axb3 Qb6 14. e5 Ng4 15. Nxd5
Qe6 16. Nc7 Qc6 17. Nxa8 a6 18. Rae1 Be6 19. h3 h6 20. hxg4 fxg4 21. Nd2 hxg5
22. Qxg5 Rxa8 23. Ne4 Qb6 24. Rf2 Bf5 25. Rxf5 gxf5 26. Nf6+ 1-0

[Event "Online Olym Div3 E 2020"]
[Site "chess.com INT"]
[Date "2020.07.08"]
[Round "5.4"]
[Board "6"]
[White "Barahona, Dalila Yamileth"]
[Black "Vasquez Jaen, Lourdes Lorena"]
[Result "1/2-1/2"]
[WhiteElo "1802"]
[BlackElo "1539"]
[WhiteTeam "El Salvador"]
[BlackTeam "Panama"]
[WhiteFideId "6705740"]
[BlackFideId "6605559"]
[EventDate "2020.07.07"]
[EventType "team"]

1. c4 c5 2. g3 g6 3. Bg2 Bg7 4. Nc3 Nc6 5. e3 e5 6. Nge2 Nge7 7. O-O d6 8. h3
O-O 9. d3 f5 10. f4 Be6 11. Nd5 Kh8 12. Nec3 Rb8 13. Rb1 Bg8 14. a3 a5 15. Bd2
Qd7 16. Nb6 Qd8 17. Ncd5 Nxd5 18. Nxd5 Qd7 19. b4 axb4 20. axb4 Bxd5 21. Bxd5 b6
22. Qa4 Rbc8 23. bxc5 bxc5 24. Rb6 Nb8 25. Qxd7 Nxd7 26. Rb7 Nf6 27. Bg2 Rb8 28.
Rfb1 Rxb7 29. Rxb7 Rd8 30. Ba5 Re8 31. Bc7 e4 32. dxe4 Nxe4 33. Bxe4 fxe4 34.
Bxd6 Bf8 35. Be5+ Kg8 36. g4 Rd8 37. Kf2 Rd2+ 38. Ke1 Rc2 39. Rb8 Kf7 40. Rb7+
Kg8 41. Rb8 Kf7 42. Rb7+ Kg8 1/2-1/2

[Event "Online Olym Div3 E 2020"]
[Site "chess.com INT"]
[Date "2020.07.08"]
[Round "5.5"]
[Board "1"]
[White "Husbands, Orlando"]
[Black "Panchoe, Pratul"]
[Result "1-0"]
[WhiteTitle "IM"]
[WhiteElo "2324"]
[BlackElo "1837"]
[WhiteTeam "Barbados"]
[BlackTeam "Suriname"]
[WhiteFideId "11101644"]
[BlackFideId "8201668"]
[EventDate "2020.07.07"]
[EventType "team"]

1. e4 c6 2. Nc3 d5 3. Nf3 dxe4 4. Nxe4 Nf6 5. Ng3 g6 6. d4 Bg7 7. c3 Bg4 8. h3
Bxf3 9. Qxf3 Nbd7 10. Ne4 Nxe4 11. Qxe4 Nf6 12. Qf3 Qd5 13. Be2 O-O 14. O-O e6
15. Rd1 Rad8 16. c4 Qxf3 17. Bxf3 Rd7 18. Be3 Rfd8 19. b4 Ne8 20. Bg5 Bf6 21.
Bxf6 Nxf6 22. d5 exd5 23. Rd4 dxc4 24. Rxc4 Rd4 25. Rac1 Rxc4 26. Rxc4 Rd2 27.
a4 Rb2 28. Rd4 Kg7 29. g3 Nd5 30. b5 Nc3 31. bxc6 bxc6 32. Rc4 Nb1 33. Bxc6 Nd2
34. Rd4 Rc2 35. Bd5 Nb1 36. Kg2 Nc3 37. Rc4 Kf6 38. Rc7 Ke5 39. Bb3 Rc1 40. Bxf7
a5 41. Rc5+ Kd4 42. Rxa5 Ra1 43. Be8 Ra2 44. Ra7 Ne4 45. Rf7 h5 46. Bc6 Nd6 47.
Rf6 Kc5 48. Bf3 g5 49. Rg6 g4 50. hxg4 hxg4 51. Rxg4 Nc4 52. Rg5+ Kd4 53. Bc6
Ne3+ 54. Kf3 Nc4 55. Be8 Ne5+ 56. Kg2 Nd3 57. Rd5+ Kc3 58. Rf5 Kd2 59. Bb5 Ne1+
60. Kh3 Nc2 61. g4 Nd4 62. Rf6 Ra3+ 63. Kg2 Nc2 64. Rd6+ Ke1 65. g5 Ra2 66. Re6+
Kd1 67. g6 Ne1+ 68. Kg3 Nc2 69. g7 Ra3+ 70. Kg2 Ne1+ 71. Rxe1+ Kxe1 72. g8=Q 1-0

[Event "Online Olym Div3 E 2020"]
[Site "chess.com INT"]
[Date "2020.07.08"]
[Round "5.5"]
[Board "2"]
[White "Sanches, Casanova Romario"]
[Black "Del Castilho, Martyn"]
[Result "0-1"]
[WhiteTitle "CM"]
[BlackTitle "FM"]
[WhiteElo "2066"]
[BlackElo "2293"]
[WhiteTeam "Suriname"]
[BlackTeam "Barbados"]
[WhiteFideId "8200211"]
[BlackFideId "11100400"]
[EventDate "2020.07.07"]
[EventType "team"]

1. c4 e6 2. g3 d5 3. Bg2 Nf6 4. d4 dxc4 5. Nc3 c6 6. Nf3 b5 7. Ne5 Nd5 8. e4
Nxc3 9. bxc3 Bb7 10. Qf3 Qf6 11. Qxf6 gxf6 12. Ng4 Nd7 13. O-O h5 14. Ne3 O-O-O
15. a4 a6 16. d5 Nc5 17. dxc6 Bxc6 18. axb5 axb5 19. Nc2 Nb3 20. Ra7 Rd7 21.
Rxd7 Kxd7 22. Be3 Kc7 23. f4 Be7 24. e5 Bxg2 25. Kxg2 Ra8 26. Nd4 Ra2+ 27. Kh3
Nxd4 28. Bxd4 f5 29. Rb1 Kc6 30. Be3 Bc5 31. Bxc5 Kxc5 32. Kh4 Rxh2+ 33. Kg5 Rc2
34. Kf6 Rxc3 35. Kxf7 Rxg3 36. Kxe6 c3 37. Kf7 Re3 38. e6 b4 39. e7 c2 40. Rc1
b3 41. e8=Q Rxe8 42. Kxe8 Kd4 43. Kf7 Ke4 44. Ke6 Kxf4 45. Kd5 b2 0-1

[Event "Online Olym Div3 E 2020"]
[Site "chess.com INT"]
[Date "2020.07.08"]
[Round "5.5"]
[Board "3"]
[White "Blackman, Katrina"]
[Black "dos Ramos, Rosangela"]
[Result "0-1"]
[WhiteTitle "WCM"]
[BlackTitle "WFM"]
[WhiteElo "1701"]
[BlackElo "1765"]
[WhiteTeam "Barbados"]
[BlackTeam "Suriname"]
[WhiteFideId "11100540"]
[BlackFideId "8200521"]
[EventDate "2020.07.07"]
[EventType "team"]

1. d4 g6 2. Nf3 Bg7 3. Bf4 d6 4. e3 Nf6 5. h3 b6 6. Be2 Bb7 7. c4 d5 8. Nc3 O-O
9. O-O Nbd7 10. Rc1 c5 11. cxd5 Nxd5 12. Nxd5 Bxd5 13. b3 e6 14. dxc5 Nxc5 15.
Bc4 Bxf3 16. Qxf3 e5 17. Bg3 Qe7 18. Rfd1 Rad8 19. Qg4 Rxd1+ 20. Rxd1 Rd8 21.
Rxd8+ Qxd8 22. Qf3 Qe7 23. Qa8+ Bf8 24. b4 Na4 25. Bb3 Nc3 26. Qf3 e4 27. Qg4
Qxb4 28. Qd7 Qe7 29. Qc8 Ne2+ 30. Kh2 Nxg3 31. fxg3 Kg7 32. Qc3+ Qf6 33. Qc7 a5
34. Bd5 Bc5 35. Qf4 Qxf4 36. gxf4 Bxe3 37. Bxe4 Bxf4+ 38. Kg1 Be3+ 39. Kf1 f5
40. Bd5 Kf6 41. Bb3 Ke5 42. Ke2 Bd4 43. Bg8 h6 44. Bh7 g5 45. Bg8 h5 46. Bf7 h4
47. Bh5 a4 48. Be8 a3 49. Bd7 Kf4 50. Bc6 g4 51. hxg4 fxg4 52. Kd3 Bc5 53. Bd7
Kg3 54. Bc6 Kf2 55. Kd2 h3 56. gxh3 gxh3 57. Kd1 h2 58. Kd2 Kg1 59. Kd3 h1=Q 60.
Bxh1 Kxh1 61. Kc3 Kg2 62. Kc4 Kf2 63. Kc3 Ke1 64. Kc2 Ke2 65. Kc1 Kd3 66. Kb1
Bd4 67. Kc1 Bc5 68. Kb1 b5 69. Kc1 Kc3 70. Kb1 b4 71. Kc1 b3 72. Kb1 bxa2+ 73.
Kxa2 Kc2 74. Ka1 Kb3 75. Kb1 a2+ 0-1

[Event "Online Olym Div3 E 2020"]
[Site "chess.com INT"]
[Date "2020.07.08"]
[Round "5.5"]
[Board "4"]
[White "Kaslan, Alexandra"]
[Black "Figueroa, Julissa"]
[Result "1-0"]
[WhiteTitle "WCM"]
[BlackTitle "WCM"]
[WhiteElo "1435"]
[BlackElo "1658"]
[WhiteTeam "Suriname"]
[BlackTeam "Barbados"]
[WhiteFideId "8201340"]
[BlackFideId "7300450"]
[EventDate "2020.07.07"]
[EventType "team"]

1. d4 d5 2. Nf3 e6 3. Bf4 Nf6 4. e3 Bd6 5. Ne5 O-O 6. Nd2 c5 7. c3 Nc6 8. Bd3
Qc7 9. Ndf3 b6 10. h4 Bb7 11. Qe2 c4 12. Bc2 b5 13. g4 Ne4 14. Ng5 Bxe5 15. dxe5
Ne7 16. f3 Nc5 17. Bxh7+ Kh8 18. Bc2 Ng6 19. h5 Nxe5 20. h6 g6 21. Bxe5+ Qxe5
22. f4 Qc7 23. Qd2 f6 24. Qd4 e5 25. fxe5 fxe5 26. Qd2 d4 27. exd4 Bxh1 28. dxc5
Rad8 29. Qe3 e4 30. Ne6 Qh2 31. Nxf8 Rxf8 32. Qd4+ Rf6 33. Qxf6+ Kg8 34. Qg7# 1-0

[Event "Online Olym Div3 E 2020"]
[Site "chess.com INT"]
[Date "2020.07.08"]
[Round "5.5"]
[Board "5"]
[White "Mahtani, Nitin"]
[Black "Kalidjo, Imaan"]
[Result "1-0"]
[WhiteElo "1736"]
[BlackElo "1819"]
[WhiteTeam "Barbados"]
[BlackTeam "Suriname"]
[WhiteFideId "11102870"]
[BlackFideId "8202478"]
[EventDate "2020.07.07"]
[EventType "team"]

1. d4 d6 2. c4 g6 3. Nc3 Bg7 4. e4 Nd7 5. Nf3 Ngf6 6. Be2 O-O 7. O-O c5 8. Re1
a6 9. Rb1 Re8 10. Bf1 Qc7 11. d5 Rb8 12. Qc2 Ne5 13. Nxe5 dxe5 14. a3 Bd7 15. b4
Rec8 16. f3 b5 17. bxc5 Qc6 18. dxc6 1-0

[Event "Online Olym Div3 E 2020"]
[Site "chess.com INT"]
[Date "2020.07.08"]
[Round "5.5"]
[Board "6"]
[White "Kaslan, Catherine"]
[Black "Greenidge, Vanessa"]
[Result "0-1"]
[WhiteTitle "WFM"]
[WhiteElo "1872"]
[BlackElo "1496"]
[WhiteTeam "Suriname"]
[BlackTeam "Barbados"]
[WhiteFideId "8201390"]
[BlackFideId "11103876"]
[EventDate "2020.07.07"]
[EventType "team"]

1. e4 c5 2. Nf3 g6 3. d4 cxd4 4. Nxd4 Bg7 5. c4 Nc6 6. Be3 Nf6 7. Nc3 Ng4 8.
Nxc6 Nxe3 9. Nxd8 Nxd1 10. Nxd1 Kxd8 11. Bd3 b6 12. Rc1 Bb7 13. Nc3 Rc8 14. Ke2
d6 15. Rhd1 Kc7 16. Rc2 Kb8 17. f3 h5 18. a4 h4 19. b4 Be5 20. h3 g5 21. Rb1 e6
22. Nd1 Rhd8 23. Rbc1 d5 24. c5 dxe4 25. fxe4 bxc5 26. bxc5 Bc6 27. Bb5 Bf4 28.
Rb1 Kc7 29. Nc3 Rd4 30. Bxc6 Kxc6 31. Rcb2 Kxc5 32. Nb5 Rc4 33. Nxa7 Ra8 34.
Rb5+ Kd4 35. Rb7 Kxe4 36. Rxf7 Rc2+ 37. Kf1 Rd8 38. Re1+ Be3 39. Nc6 Rdd2 40.
Rf3 Rf2+ 41. Rxf2 Rxf2+ 42. Kg1 Rc2+ 43. Kh1 Rxc6 44. Kh2 Ra6 0-1

[Event "Online Olym Div3 E 2020"]
[Site "chess.com INT"]
[Date "2020.07.08"]
[Round "6.1"]
[Board "1"]
[White "Cu Hor, Winston Darwin"]
[Black "Panchoe, Pratul"]
[Result "1/2-1/2"]
[WhiteTitle "FM"]
[WhiteElo "2333"]
[BlackElo "1837"]
[WhiteTeam "Guatemala"]
[BlackTeam "Suriname"]
[WhiteFideId "7300662"]
[BlackFideId "8201668"]
[EventDate "2020.07.07"]
[EventType "team"]

1. Nc3 c6 2. e4 d5 3. f4 dxe4 4. Nxe4 Nf6 5. Ng5 Bg4 6. Be2 Qd7 7. N1f3 Bxf3 8.
Nxf3 e6 9. Ne5 Qc7 10. O-O Nbd7 11. d4 c5 12. c3 g6 13. Bf3 cxd4 14. cxd4 Bg7
15. Qb3 Rb8 16. Qa3 Qb6 17. Be3 Nd5 18. Nc4 Qb4 19. Bxd5 Qxa3 20. Nxa3 exd5 21.
Nb5 O-O 22. Nxa7 Rfe8 23. Bf2 Re2 24. Nb5 Rxb2 25. Rfb1 Rc2 26. a4 b6 27. Na3
Rxf2 28. Kxf2 Bxd4+ 29. Kf3 Bxa1 30. Rxa1 Ra8 31. Nb5 Nc5 32. Rd1 Rxa4 33. Rxd5
Rb4 34. Rd8+ Kg7 35. Nd6 Ne6 36. Rb8 Rxf4+ 37. Ke3 Rb4 38. Rb7 Rb3+ 39. Kf2 Rb2+
40. Kf1 Rb1+ 41. Kf2 Rb2+ 42. Kf1 Rb1+ 43. Kf2 Kf6 44. Nxf7 b5 45. Nd6 b4 46.
Ke3 Ke5 47. Nc4+ Kd5 48. Nd2 Re1+ 49. Kf2 Rh1 50. Rxb4 Rxh2 51. Rb5+ Kc6 52. Ra5
Nf4 53. Kf3 Ne6 54. Ra6+ Kd5 55. Nf1 Nd4+ 56. Kf2 Rh4 57. g3 Re4 58. Ne3+ Ke5
59. Nc4+ Kd5 60. Ne3+ Kc5 61. Ra5+ Kd6 62. Ra7 h5 63. Ra6+ Nc6 64. Kf3 Re6 65.
Ra8 Rf6+ 66. Ke4 Re6+ 67. Kf3 Ke7 68. Nd5+ Kf7 69. Nf4 Rf6 70. Kg2 Rd6 71. Rc8
Ne7 72. Rc7 Kf6 73. Rb7 Nf5 74. Kf3 Rc6 75. Ne2 Re6 76. Rb8 Re3+ 77. Kf2 Rd3 78.
Rb6+ Kg5 79. Rxg6+ Kxg6 80. Nf4+ Kg5 81. Nxd3 Kg4 82. Ne5+ Kh3 83. g4 hxg4 84.
Nxg4 1/2-1/2

[Event "Online Olym Div3 E 2020"]
[Site "chess.com INT"]
[Date "2020.07.08"]
[Round "6.1"]
[Board "2"]
[White "Sanches, Casanova Romario"]
[Black "Lorenzana, Wilson Estuardo"]
[Result "0-1"]
[WhiteTitle "CM"]
[BlackTitle "IM"]
[WhiteElo "2066"]
[BlackElo "2220"]
[WhiteTeam "Suriname"]
[BlackTeam "Guatemala"]
[WhiteFideId "8200211"]
[BlackFideId "7300239"]
[EventDate "2020.07.07"]
[EventType "team"]

1. e4 c5 2. Nc3 e6 3. g3 Nc6 4. Bg2 g6 5. d3 Bg7 6. Be3 d6 7. Qd2 h6 8. Nge2 Nd4
9. Nd1 Nxe2 10. Qxe2 Ne7 11. O-O O-O 12. c3 Nc6 13. f4 f5 14. h4 Bd7 15. Nf2 Rb8
16. Nh3 b5 17. h5 Qe8 18. e5 dxe5 19. Bxc5 Rf6 20. fxe5 Rf8 21. Bxf8 Bxf8 22. d4
Ne7 23. Nf4 g5 24. Nd3 Bc6 25. Nc5 Bxg2 26. Qxg2 Nd5 27. Rae1 Bxc5 28. dxc5 Rd8
29. Qe2 Qc6 30. Qf2 a5 31. Rd1 Rf8 32. Qd4 f4 33. gxf4 Nxf4 34. Qd2 Qxc5+ 35.
Kh2 Qxe5 36. Qd4 Qf5 37. Rf3 Qg4 38. Qf2 Qxh5+ 39. Kg1 Nh3+ 40. Rxh3 Qxd1+ 0-1

[Event "Online Olym Div3 E 2020"]
[Site "chess.com INT"]
[Date "2020.07.08"]
[Round "6.1"]
[Board "3"]
[White "Mencos, Claudia"]
[Black "dos Ramos, Rosangela"]
[Result "0-1"]
[WhiteTitle "WIM"]
[BlackTitle "WFM"]
[WhiteElo "1977"]
[BlackElo "1765"]
[WhiteTeam "Guatemala"]
[BlackTeam "Suriname"]
[WhiteFideId "7300573"]
[BlackFideId "8200521"]
[EventDate "2020.07.07"]
[EventType "team"]

1. e4 g6 2. d4 Bg7 3. Nc3 d6 4. Nf3 a6 5. Be2 Nd7 6. Bg5 h6 7. Be3 b5 8. a4 b4
9. Nd5 c5 10. c3 bxc3 11. bxc3 e6 12. Nf4 Qa5 13. O-O Ne7 14. Nd3 O-O 15. Qd2
Kh7 16. Rfb1 Nf6 17. c4 Qxd2 18. Nxd2 cxd4 19. Bxd4 Nc6 20. Bc3 Nd7 21. Bxg7
Kxg7 22. Rb2 a5 23. Rab1 Ba6 24. f4 Nd4 25. Bf1 Rfc8 26. Nf2 Rab8 27. Nd1 Rxb2
28. Rxb2 Rb8 29. Rxb8 Nxb8 30. Nc3 Nd7 31. Kf2 Nc5 32. Ke3 Nc2+ 33. Kf3 Kf8 34.
e5 dxe5 35. fxe5 Ke7 36. Nde4 Bb7 37. Kf2 Nxe4+ 38. Nxe4 Bxe4 39. c5 Bc6 40. Bb5
Kd7 0-1

[Event "Online Olym Div3 E 2020"]
[Site "chess.com INT"]
[Date "2020.07.08"]
[Round "6.1"]
[Board "4"]
[White "Kaslan, Alexandra"]
[Black "Mazariegos, Silvia Carolina"]
[Result "0-1"]
[WhiteTitle "WCM"]
[BlackTitle "WIM"]
[WhiteElo "1435"]
[BlackElo "1933"]
[WhiteTeam "Suriname"]
[BlackTeam "Guatemala"]
[WhiteFideId "8201340"]
[BlackFideId "7300115"]
[EventDate "2020.07.07"]
[EventType "team"]

1. d4 d6 2. Nf3 Nf6 3. Bf4 g6 4. e3 Bg7 5. Nbd2 O-O 6. c4 c6 7. Bd3 Re8 8. O-O
h6 9. Qc2 Nh5 10. Bg3 Nxg3 11. hxg3 e5 12. dxe5 dxe5 13. Rad1 Na6 14. a3 Nc5 15.
Be2 Qe7 16. b4 e4 17. Nd4 Na6 18. N2b3 Nc7 19. Rd2 f5 20. Rfd1 Ne6 21. c5 Kh7
22. g4 Nxd4 23. Nxd4 fxg4 24. Bc4 Qg5 25. Ne2 Be5 26. g3 Bf5 27. Nf4 h5 28. Ng2
Qf6 29. Nh4 Bc7 30. Nxf5 Qxf5 31. Rd7+ Kh6 32. Rxc7 Rad8 33. Be2 Qe5 34. Rxb7
Rxd1+ 35. Qxd1 Rf8 36. Qd7 Rf6 37. Qg7+ Kg5 38. Kg2 Qf5 39. f4+ exf3+ 40. Kf2
fxe2+ 41. Kxe2 Qf1+ 42. Kd2 Rf2+ 43. Kc3 Qa1+ 44. Kc4 Rc2+ 45. Kd3 Qd1+ 46. Ke4
Rc4+ 47. Ke5 Qd5# 0-1

[Event "Online Olym Div3 E 2020"]
[Site "chess.com INT"]
[Date "2020.07.08"]
[Round "6.1"]
[Board "5"]
[White "Garcia Y., Brayan Alexis"]
[Black "Kalka, Shiva"]
[Result "1-0"]
[WhiteElo "1847"]
[BlackElo "1702"]
[WhiteTeam "Guatemala"]
[BlackTeam "Suriname"]
[WhiteFideId "7303041"]
[BlackFideId "8201749"]
[EventDate "2020.07.07"]
[EventType "team"]

1. d4 Nf6 2. c4 e6 3. Nc3 d5 4. cxd5 exd5 5. Bg5 Be7 6. e3 O-O 7. Bd3 h6 8. Bf4
Re8 9. Nf3 Bg4 10. O-O c6 11. h3 Bh5 12. g4 Bg6 13. Bxg6 fxg6 14. Qd3 g5 15. Bg3
Nbd7 16. Rfe1 Bb4 17. Nd2 Bxc3 18. Qxc3 Nb6 19. a4 Ne4 20. Nxe4 dxe4 21. Qb3+
Kh7 22. a5 Qd5 23. Qb4 Nd7 24. Qxb7 c5 25. Qxd5 1-0

[Event "Online Olym Div3 E 2020"]
[Site "chess.com INT"]
[Date "2020.07.08"]
[Round "6.1"]
[Board "6"]
[White "Kaslan, Catherine"]
[Black "Juarez Garcia, Daniela"]
[Result "1-0"]
[WhiteTitle "WFM"]
[WhiteElo "1872"]
[BlackElo "1625"]
[WhiteTeam "Suriname"]
[BlackTeam "Guatemala"]
[WhiteFideId "8201390"]
[BlackFideId "7302703"]
[EventDate "2020.07.07"]
[EventType "team"]

1. e4 e5 2. Nf3 Nc6 3. d4 exd4 4. Nxd4 Nxd4 5. Qxd4 d6 6. Nc3 Nf6 7. Bf4 Be7 8.
Be2 O-O 9. O-O-O Be6 10. Kb1 a6 11. f3 Qb8 12. Nd5 Nxd5 13. exd5 Bf6 14. Qd2 Bd7
15. g4 b5 16. h4 a5 17. Bd3 b4 18. g5 Be5 19. h5 a4 20. Bxe5 dxe5 21. Qe3 Re8
22. g6 f5 23. h6 Ra6 24. Bxa6 hxg6 25. hxg7 Kxg7 26. Qh6+ Kf6 27. Rhg1 Rg8 28.
Qg5+ Kf7 29. Bc4 Rg7 30. d6+ Be6 31. Bxe6+ Kxe6 32. Qd2 cxd6 33. Qd5+ Ke7 34.
Rd2 b3 35. cxb3 axb3 36. a3 Qa7 37. Rgd1 Qc7 38. Qxd6+ Qxd6 39. Rxd6 Rg8 40. Rb6
Rc8 41. Rxb3 g5 42. Rb5 Kf6 43. Rd6+ Ke7 44. Rh6 Rf8 45. Rxe5+ Kd8 46. Rh7 Kc8
47. Rg7 g4 48. fxg4 f4 49. Rf5 Re8 50. Rxf4 Re1+ 51. Ka2 Re8 52. Rb4 Rf8 53.
Rbb7 Rf1 54. Ra7 Kb8 55. Raf7 Rc1 56. Rg8+ Rc8 57. Rxc8+ Kxc8 58. g5 Kd8 59. g6
Ke8 60. Rf4 Ke7 61. g7 Ke6 62. g8=Q+ Ke5 63. Qg5+ Kd6 64. Rf6+ Ke7 65. Qg7+ Ke8
66. Rf8# 1-0

[Event "Online Olym Div3 E 2020"]
[Site "chess.com INT"]
[Date "2020.07.08"]
[Round "6.2"]
[Board "1"]
[White "Arias, Daniel"]
[Black "Del Castilho, Martyn"]
[Result "1-0"]
[WhiteTitle "FM"]
[BlackTitle "FM"]
[WhiteElo "2285"]
[BlackElo "2293"]
[WhiteTeam "El Salvador"]
[BlackTeam "Barbados"]
[WhiteFideId "6700640"]
[BlackFideId "11100400"]
[EventDate "2020.07.07"]
[EventType "team"]

1. e4 c5 2. Nf3 e6 3. d4 cxd4 4. Nxd4 Nc6 5. Nc3 Qc7 6. g3 a6 7. Bg2 Nf6 8. O-O
Nxd4 9. Qxd4 Bc5 10. Qd3 h6 11. Na4 Rb8 12. Nxc5 Qxc5 13. Be3 Qc7 14. c4 b6 15.
Rac1 d6 16. Rfd1 Ke7 17. Qa3 Ng4 18. Bd2 Rd8 19. Bb4 a5 20. Bc3 e5 21. h3 Nf6
22. Bxe5 Qc5 23. Bxf6+ Kxf6 24. Qf3+ Ke7 25. Rd5 Qc7 26. Qc3 Be6 27. Qxg7 Bxd5
28. exd5 Re8 29. Qxh6 Kd8 30. b3 Qe7 31. h4 Qe5 32. Bh3 Rb7 33. Qg5+ Qxg5 34.
hxg5 Rbe7 35. Kg2 Re2 36. Ra1 Rb2 37. Bg4 Re5 38. g6 fxg6 39. Rh1 Rxa2 40. Rh8+
Re8 41. Rh6 Re7 42. Rxg6 Kc7 43. Rg8 Rb2 44. Rc8+ Kb7 45. Rc6 Rxb3 46. Rxd6 a4
47. Bd1 Rb4 48. Rf6 a3 49. d6 Rd7 50. Bf3+ Kc8 51. Bg4 a2 52. Rf8+ Kb7 53. Bf3+
Ka6 54. Ra8+ Ra7 55. Rxa7+ Kxa7 56. d7 a1=Q 57. d8=Q 1-0

[Event "Online Olym Div3 E 2020"]
[Site "chess.com INT"]
[Date "2020.07.08"]
[Round "6.2"]
[Board "2"]
[White "Farley, Terry"]
[Black "Chavez, Hector Eduardo"]
[Result "1-0"]
[WhiteTitle "IM"]
[WhiteElo "2219"]
[BlackElo "2110"]
[WhiteTeam "Barbados"]
[BlackTeam "El Salvador"]
[WhiteFideId "11100095"]
[BlackFideId "6700160"]
[EventDate "2020.07.07"]
[EventType "team"]

1. c4 e5 2. Nc3 Nc6 3. g3 g6 4. Bg2 Bg7 5. Nf3 d6 6. O-O f5 7. d3 Nf6 8. Rb1 O-O
9. b4 h6 10. Nd2 f4 11. b5 Ne7 12. a4 g5 13. a5 Rb8 14. Ba3 Nf5 15. Nde4 Ng4 16.
Nd5 h5 17. h3 Nf6 18. Nxg5 fxg3 19. fxg3 Nxg3 20. Rf2 h4 21. d4 Ng4 22. Rxf8+
Bxf8 23. hxg4 Qxg5 24. dxe5 Qxg4 25. Nf6+ Kf7 26. Nxg4 Bxg4 27. Rb2 Bg7 28. Bd5+
Ke7 29. exd6+ cxd6 30. Rd2 Be5 31. Bf3 Be6 32. Bxd6+ Bxd6 33. Rxd6 Rg8 34. Rxe6+ 1-0

[Event "Online Olym Div3 E 2020"]
[Site "chess.com INT"]
[Date "2020.07.08"]
[Round "6.2"]
[Board "3"]
[White "Ortez, Andrea"]
[Black "Blackman, Katrina"]
[Result "1-0"]
[WhiteTitle "WIM"]
[BlackTitle "WCM"]
[WhiteElo "1969"]
[BlackElo "1701"]
[WhiteTeam "El Salvador"]
[BlackTeam "Barbados"]
[WhiteFideId "6702392"]
[BlackFideId "11100540"]
[EventDate "2020.07.07"]
[EventType "team"]

1. e4 e6 2. d4 d5 3. exd5 exd5 4. Bd3 Bd6 5. Nf3 Ne7 6. c3 Bf5 7. a4 Nbc6 8. b4
a6 9. O-O O-O 10. Re1 Qd7 11. Qc2 Rfe8 12. Be3 Bxd3 13. Qxd3 Ng6 14. Nbd2 Nce7
15. b5 Nf5 16. c4 Nxe3 17. fxe3 dxc4 18. Nxc4 axb5 19. Nxd6 Qxd6 20. Qxb5 b6 21.
a5 Qe6 22. a6 h6 23. Rac1 c5 24. Rb1 Reb8 25. dxc5 Ne5 26. cxb6 Nxf3+ 27. gxf3
Qg6+ 28. Kf2 Qc2+ 29. Re2 Qg6 30. Rd2 Kh7 31. Rbb2 Re8 32. b7 Rxa6 33. b8=Q Rxb8
34. Qxb8 Re6 35. Qg3 Qf6 36. Qf4 Qe7 37. Qd4 f6 38. Qd3+ Kg8 39. Rb8+ 1-0